Las cuevas de los botijos y de la zorrera en Benalmadena

Պահպանված է:
Մատենագիտական մանրամասներ
Հիմնական հեղինակ: Olaria de Gusi, Carmen
Ձևաչափ: Տեքստ
Հրապարակվել է: Malaga: Patronato del Museo Arqueológico
Ցուցիչներ: Ավելացրեք ցուցիչ
Չկան պիտակներ, Եղեք առաջինը, ով նշում է այս գրառումը!

MARC

LEADER 00000 a a2200000 04500
001 15958
003
040 |a CRAI/IIS  |c CRAI/IIS 
090 |a EXTRAVIADO  
100 |a Olaria de Gusi, Carmen  
245 |a Las cuevas de los botijos y de la zorrera en Benalmadena  
260 |a Malaga:   |b Patronato del Museo Arqueológico  
300 |a 82 p.  
999 |c 5738  |d 5738